00488nam a2200145 a 450000100100000000500170001000800410002704000250006808200150009324500740010826000630018230000280024550000420027370000270031500003477820200930073910.0111019s1984 cc a 000 0 spa d aDO-SdBNPbspacBNPHU axxxxbxxxx03aEl pájaro maravilloso. /ctraducido del chino por Laura A. Rovetta. aBeijing, China :bEdiciones de lenguas extranjeras,c1984. a143 p. :bil. ;c21 cm. aIncluye notas al pie de las páginas1 aRovetta, Laura A.etr.